College Quizbowl Stats
College Quizbowl Stats
Circuits
Seasons
Sets
Records
Detailed Stats
About
Loading...
2024 Booster Shot (Columbia)
Tossups
Bonuses
Players
Teams
Categories (Tossup)
Categories (Bonus)
Tom Chitwood
Bard A
Categories
Category
Powers
Gets
Negs
BBs
Points
Earliest Buzz
Avg. Buzz
First Buzzes
Top 3 Buzzes
Fine Arts - Other Fine Arts
0
1
0
0
10
112
112.00
0
0
Social Science
0
1
0
0
10
113
113.00
0
1
Science - Biology
0
0
0
0
0
0.00
0
0
Science - Chemistry
0
0
0
0
0
0.00
0
0
Science - Physics
0
0
0
0
0
0.00
0
0
Geography
0
0
2
0
-10
0.00
0
0
Buzzes
Category
Answer
Value
Buzz Position
Geography
Copenhagen
-5
110
Fine Arts - Other Fine Arts
Klein
10
112
Science - Biology
alveoli
0
112
Social Science
ceiling
10
113
Science - Physics
angular velocity
0
127
Geography
New Mexico
-5
127
Science - Chemistry
permanganate
0
135
Previous
1
Next